UM Logo

Editha's way : (Record no. 22763)

MARC details
000 -LEADER
fixed length control field 00476nam a22001337a 4500
005 - DATE AND TIME OF LATEST TRANSACTION
control field 20241022094516.0
008 - FIXED-LENGTH DATA ELEMENTS--GENERAL INFORMATION
fixed length control field 241022b |||||||| |||| 00| 0 eng d
100 ## - MAIN ENTRY--PERSONAL NAME
Personal name Singian, Editha.
Relator term author.
9 (RLIN) 63273
245 ## - TITLE STATEMENT
Title Editha's way :
Remainder of title relief and compassion /
Statement of responsibility, etc. Editha Singian.
260 ## - PUBLICATION, DISTRIBUTION, ETC. (IMPRINT)
Place of publication, distribution, etc. Philippines;
Name of publisher, distributor, etc. Philippine Graphic Publishing Inc.,
Date of publication, distribution, etc. November 2019.
300 ## - PHYSICAL DESCRIPTION
Extent Volume 20, pages 47-49,
Other physical details illustration.
700 ## - ADDED ENTRY--PERSONAL NAME
Personal name Singian, Editha.
Relator term author.
9 (RLIN) 63274
942 ## - ADDED ENTRY ELEMENTS (KOHA)
Source of classification or shelving scheme Dewey Decimal Classification
Koha item type Periodicals
Holdings
Withdrawn status Lost status Source of classification or shelving scheme Damaged status Not for loan Collection code Home library Current library Date acquired Total Checkouts Date last seen Price effective from Koha item type Public note
    Dewey Decimal Classification     Periodicals UM Digos College - LIC UM Digos College - LIC 10/22/2024   10/22/2024 10/22/2024 Periodicals Periodical Article